000 00354nam a2200133Ia 4500
008 150202s9999 xx 000 0 und d
020 _a446604704
050 _aFIC
_bFIC
100 _aDaley, Robert.
245 _aNow where to run /
_cRobert Daley.
260 _aNew York :
_bWarner Books,
_c1996.
300 _a474 pages :
_c18 cm.
650 _aFiction.
999 _c281954
_d281954